000 00557nam a2200205Ia 4500
005 20250508161612.0
008 008 250505s9999 xx 000 0 eng d
037 _aTextual
040 _aFEDL
_beng
_cFEDL
041 _aeng
_2eng
084 _a372.3, VIC
_qFEDL
100 _aVictor Edward
_9771016
245 0 _aScience for the elementary school
250 _a2
260 _aLondon, UK
_bThe Macmillan Company
_c1970
300 _aix,785p
650 _aTeaching Teachnique
942 _cTEXL
_h372.3, VIC
999 _c1371055
_d1371055